Tribhuvan University Central Library

Industrial profile for fiscal year 2037-38/1980-1981 (Record no. 2205)

MARC details
000 -LEADER
fixed length control field 006740000a22002770004500
082 ## - DEWEY DECIMAL CLASSIFICATION NUMBER
Classification number 338.47
Item number H47i
-- N
041 ## - LANGUAGE CODE
Language code of text/sound track or separate title Eng
110 ## - MAIN ENTRY--CORPORATE NAME
Corporate name or jurisdiction name as entry element Hetauda Industrial District, Hetauda, Nepal
245 ## - TITLE STATEMENT
Title Industrial profile for fiscal year 2037-38/1980-1981
260 ## - PUBLICATION, DISTRIBUTION, ETC. (IMPRINT)
Place of publication, distribution, etc Hetauda, Nepal
260 ## - PUBLICATION, DISTRIBUTION, ETC. (IMPRINT)
Date of publication, distribution, etc 1961
300 ## - PHYSICAL DESCRIPTION
Extent 72p.
440 ## - SERIES STATEMENT/ADDED ENTRY--TITLE
Title Statistical data
-- 13
518 ## - DATE/TIME AND PLACE OF AN EVENT NOTE
Date/time and place of an event note 940106
530 ## - ADDITIONAL PHYSICAL FORM AVAILABLE NOTE
Additional physical form available note M
650 ## - SUBJECT ADDED ENTRY--TOPICAL TERM
Topical term or geographic name as entry element Industries
650 ## - SUBJECT ADDED ENTRY--TOPICAL TERM
Topical term or geographic name as entry element Industrial profile
650 ## - SUBJECT ADDED ENTRY--TOPICAL TERM
Topical term or geographic name as entry element Financial resources
650 ## - SUBJECT ADDED ENTRY--TOPICAL TERM
Topical term or geographic name as entry element Production capacity
650 ## - SUBJECT ADDED ENTRY--TOPICAL TERM
Topical term or geographic name as entry element Employment
650 ## - SUBJECT ADDED ENTRY--TOPICAL TERM
Topical term or geographic name as entry element Products
650 ## - SUBJECT ADDED ENTRY--TOPICAL TERM
Topical term or geographic name as entry element Markets
650 ## - SUBJECT ADDED ENTRY--TOPICAL TERM
Topical term or geographic name as entry element Industrial economics
651 ## - SUBJECT ADDED ENTRY--GEOGRAPHIC NAME
Geographic name Nepal
942 ## - ADDED ENTRY ELEMENTS (KOHA)
Koha item type General Collections
Holdings
Withdrawn status Lost status Damaged status Not for loan Home library Current library Date acquired Total Checkouts Barcode Date last seen Price effective from
        Tribhuvan University Central Library Tribhuvan University Central Library 06/20/2010   G22849 06/20/2010 06/20/2010